000 00256nam a2200109Ia 4500
008 200302s9999 xx 000 0 und d
100 _aHeta Pandit
245 _aA Heritage guide to Kerala
260 _bGod's own Country
260 _c2001
300 _a310 P.,
999 _c4101
_d4101